| 000 -LEADER |
| fixed length control field |
02484nam a22001937a 4500 |
| 005 - DATE AND TIME OF LATEST TRANSACTION |
| control field |
20260209143745.0 |
| 008 - FIXED-LENGTH DATA ELEMENTS--GENERAL INFORMATION |
| fixed length control field |
260128b ||||| |||| 00| 0 eng d |
| 040 ## - CATALOGING SOURCE |
| Transcribing agency |
SSBUL |
| 082 ## - DEWEY DECIMAL CLASSIFICATION NUMBER |
| Edition number |
23 |
| Item number |
T-37 Ph.D |
| 100 0# - MAIN ENTRY--PERSONAL NAME |
| Personal name |
Pyone, Ma |
| Numeration |
2010 4PhD(R)-Hist-11 |
| 9 (RLIN) |
65800 |
| 245 ## - TITLE STATEMENT |
| Title |
History of textile industry in Mahlaing township (1886-1948) / |
| Statement of responsibility, etc. |
Ma Pyone |
| Medium |
English. |
| 260 ## - PUBLICATION, DISTRIBUTION, ETC. |
| Place of publication, distribution, etc. |
Mandalay: |
| Name of publisher, distributor, etc. |
University of Mandalay, |
| Date of publication, distribution, etc. |
2010. |
| 300 ## - PHYSICAL DESCRIPTION |
| Extent |
xxi, 196 p. , |
| Other physical details |
Included map, table, and image, |
| Dimensions |
29 cm. |
| 502 ## - DISSERTATION NOTE |
| Dissertation note |
This study on the textile industry of Mahlaing Township in the colonial period is traced as far back as the emergence of the Pyu Kingdoms in the first and second centuries AD. Since then, both cotton growing and weaving are thought to have been simultaneously existed in accord with some technical developments in agriculture and social changes in their mode of living which enhanced a kind of style in costume of their urban culture. The Bagan Period saw the development of textile production in their visual art on temple walls and in inscriptions. In later successive periods up to the end of 1885, various forms of records relating to cotton growing , and weaving are found in leading libraries, archives and in some private collections. They are seen as the embryo or hard core of later developments in textile industry of the Mahlaing Township. This study is, therefore, discussed in four chapters: cotton growing; weaving as a kind of livelihood in rural areas; examining the life of cotton farmers and textile weavers; and hand loom decorations. A daring attempt is also made by presenting and discussing the art works in relief nicely carved on the upper loom frames not only from aesthetic point of view but also from nationalistic outlook and interpretation. Thus the whole work of this dissertation presented and discussed can be epitomized into cotton growing, textile weaving, conditions of cotton farmers and weavers, and beautiful carvings in foliages and reliefs of human figures playing martial art, on some loom frames which mostly belonged to better off families in some villages of the township. |
| Degree type |
PhD |
| Name of granting institution |
University of Mandalay, |
| Year degree granted |
2010. |
| 504 ## - BIBLIOGRAPHY, ETC. NOTE |
| Bibliography, etc. note |
Included bibliography. |
| 505 ## - FORMATTED CONTENTS NOTE |
| Formatted contents note |
Introduction<br/>Chapters <br/>1. Cotton cultivation of Mahlaing Township<br/>2. Textile industry<br/>3. Cotton trading and the life of cotton farmers<br/>4. Hand-loom decorations<br/>Conclusion. |
| 650 ## - SUBJECT ADDED ENTRY--TOPICAL TERM |
| Topical term or geographic name entry element |
Economic conditions |
| Chronological subdivision |
(1886-1948) |
| 9 (RLIN) |
65801 |
| General subdivision |
History |
| Geographic subdivision |
Mahlaing township |
| 942 ## - ADDED ENTRY ELEMENTS (KOHA) |
| Source of classification or shelving scheme |
|
| Koha item type |
Reference |